| 000 | 00765nam a22002417a 4500 | ||
|---|---|---|---|
| 005 | 20170124105917.0 | ||
| 010 | _aA-939177 | ||
| 020 |
_c150.00 _a812031297 |
||
| 035 | _aA-939177 | ||
| 037 | _bCen Lib/Ret | ||
| 040 |
_aDPL _bEN |
||
| 082 |
_a005.369 _bKRA |
||
| 100 |
_aKrayank, Joe _92955 |
||
| 245 |
_aThe Complete idiot's guide : _cby Joe Krayank [and] Sherry Kinkoph _bmicrosoft office 97 professional / |
||
| 260 |
_aNew Delhi _bPrintice-Hall of India _c1998 |
||
| 270 |
_aM-97,Cannaught Place _bNew Delhi _e110001 |
||
| 300 |
_a421p. _c24cm(pbk) |
||
| 500 | _aIncludes index | ||
| 650 |
_aComputer Science _9140195 |
||
| 650 |
_aBasic Knowledge-Computer _92957 |
||
| 700 |
_aKinkoph, Sherry _92960 |
||
| 942 |
_2ddc _cEN _h005.369 _mKRA |
||
| 999 |
_c122897 _d122897 |
||